000 00564nam a2200169 i 4500
001 20915
003 ES-MaACL
005 20230906152403.0
007 t|
008 021119s1981 sp ||||1| spa d
245 0 0 _aActualización dela terapéutica antiinfecciosa
_b: [II Jornada Médica Mapfre] /
_cbajo la dirección de F. de la Gala Sánchez.
260 _a[Madrid] :
_bMapfre,
_c[1981]
300 _aXI, 346 p. ;
_c21 cm.
700 1 _aGala Sánchez, F. de la.
_953278
711 0 0 _aJornada Médica Mapfre (
_n2º)
_9771
852 _aES-MaACL
_jL-845
_bR.101398
999 _c20915
_d20915